000 00310nam a2200109Ia 4500
008 230724s1989 xx und d
041 _aeng
100 _aMAURICE E. MARTHA MULLER FOUNDATION
245 _aZENTRUM PAUL KLEE, BERN, THE ARCHITECTURE.
260 _bHARCOURT PRIVATE LIMITED
_c1989
300 _a159
999 _c1176092
_d1176092